000 00926nam a22002417a 4500
005 20240530110457.0
008 150614s2011 ua g 000 0 ara d
017 _a2010/22879
_bمصر . دار الكتب المصرية
020 _a9789774362562
040 _aEG-CaGPL
082 0 4 _221
_a811.008\
_bس ح
245 0 0 _aحرب البسوس وقتل الزير سالم :
_bوفيه ما كان من كليب وجساس /
_cعرف بها وقدم لها سعيد ابراهيم
250 _aط1.
260 _aالقاهرة :
_bمكتبة النافذة ،
_c2011 .
300 _a216 ص ؛
_c24 سم .
490 0 _aاشهر السير الشعبية .
600 0 _aالمهلهل ابن ربيعة .
600 0 _aامرؤ القيس .
650 0 4 _aحرب البسوس فى الادب .
700 0 _aسعيد ابراهيم
_eمقدم
942 _2ddc
_cBK
999 _c61383
_d61383